000 00275nam a2200121Ia 4500
008 190216s9999||||xx |||||||||||||| ||und||
100 _aPeter Emmens
245 0 _aStorm
260 _bLongmans
_c1996
300 _a48
650 _aNovel&Amp;Short Stories
942 _cBK
999 _c11791
_d11791